College Quizbowl Stats
College Quizbowl Stats
Circuits
Seasons
Sets
Records
Detailed Stats
About
Loading...
North
Tossups
Bonuses
Players
Teams
Categories (Tossup)
Categories (Bonus)
Yash Tiwari
Minnesota B
Categories
Category
Powers
Gets
Negs
BBs
Points
Earliest Buzz
Avg. Buzz
First Buzzes
Top 3 Buzzes
Fine Arts - Painting and Sculpture
0
1
0
0
10
119
119.00
0
1
Science - Other Science
0
1
0
0
10
71
71.00
0
1
Science - Physics
0
1
1
1
5
118
118.00
0
1
Science - Chemistry
0
0
1
0
-5
0.00
0
0
Social Science
0
0
1
0
-5
0.00
0
0
Buzzes
Category
Answer
Value
Buzz Position
Science - Other Science
threads
10
71
Social Science
government bonds
-5
79
Science - Chemistry
chemical yield
-5
96
Science - Physics
eddy currents
-5
117
Science - Physics
bubbles
10
118
Fine Arts - Painting and Sculpture
horses
10
119
Previous
1
Next